00241nam a2200085Ia 450000100070000000500170000700800410002424500680006526000220013364422520250826153600.0250824s9999 xx 000 0 und d 0aÇOCUK KALBİ GENÇLİK KLASİKLERİcEDMONDO DE AMICIS bTİMAŞ ÇOCUK